Catálogo

Viviendo interculturalmente la misión : (Registro nro. 24347)

Detalles MARC
000 -LEADER
fixed length control field 01826cam a2200361 i 4500
001 - CONTROL NUMBER
control field 24347
003 - CONTROL NUMBER IDENTIFIER
control field Mx-PuUPA
005 - DATE AND TIME OF LATEST TRANSACTION
control field 20260318145307.0
008 - FIXED-LENGTH DATA ELEMENTS--GENERAL INFORMATION
fixed length control field 140415s2023 mnu fr 001 0 spa d
020 ## - INTERNATIONAL STANDARD BOOK NUMBER
International Standard Book Number 9780814668238
Qualifying information rústica
040 ## - CATALOGING SOURCE
Original cataloging agency Mx-PuUPA
Language of cataloging spa
Transcribing agency Mx-PuUPA
Modifying agency Mx-PuUPA
Description conventions rda
041 1# - LANGUAGE CODE
Language code of text/sound track or separate title spa
Language code of original eng
100 1# - MAIN ENTRY--PERSONAL NAME
Personal name Gittins, Anthony J.,
Relator term autor
9 (RLIN) 17151
240 10 - UNIFORM TITLE
Uniform title Living mission interculturally : faith, culture, and the renewal of praxis.
Language of a work Español
245 10 - TITLE STATEMENT
Title Viviendo interculturalmente la misión :
Remainder of title fe, cultura y renovación de la práctica /
Statement of responsibility, etc. Anthony J. Gittins ; traducido por Mexican American Catholic College ; prólogo de Gerald A. Arbuckle
264 #1 - PRODUCTION, PUBLICATION, DISTRIBUTION, MANUFACTURE, AND COPYRIGHT NOTICE
Place of production, publication, distribution, manufacture Collegeville, Minnesota :
Name of producer, publisher, distributor, manufacturer Liturgical Press,
Date of production, publication, distribution, manufacture, or copyright notice 2023
300 ## - PHYSICAL DESCRIPTION
Extent xxi, 253 páginas :
Dimensions 23 cm
336 ## - CONTENT TYPE
Fuente rdacontent
Content type term texto
Content type code txt
337 ## - MEDIA TYPE
Source rdamedia
Media type term sin medio
Media type code n
338 ## - CARRIER TYPE
Source rdacarrier
Carrier type term volumen
Carrier type code nc
610 27 - SUBJECT ADDED ENTRY--CORPORATE NAME
Corporate name or jurisdiction name as entry element Iglesia católica
General subdivision Misiones
650 #7 - SUBJECT ADDED ENTRY--TOPICAL TERM
Topical term or geographic name entry element Comunicación intercultural
General subdivision Aspectos religiosos
-- Iglesia católica
Source of heading or term armarc
650 #7 - SUBJECT ADDED ENTRY--TOPICAL TERM
Topical term or geographic name entry element Cristianismo y cultura
Source of heading or term armarc
700 1# - ADDED ENTRY--PERSONAL NAME
Personal name Arbuckle, Gerald A.,
Relator term prologuista
710 2# - ADDED ENTRY--CORPORATE NAME
Corporate name or jurisdiction name as entry element Mexican American Catholic College,
Relator term traductor
765 0# - ORIGINAL LANGUAGE ENTRY
Main entry heading Gittins, Anthony J.
Title Living Mission Interculturally: Faith, Culture, and the renewal of Praxis.
Place, publisher, and date of publication Collegeville, Minnesota : Orden de Saint Benedict, ©2015
942 ## - ADDED ENTRY ELEMENTS (KOHA)
Source of classification or shelving scheme Dewey Decimal Classification
Koha item type Libro
Classification part 266.2
Item part G5318
Existencias
Withdrawn status Lost status Source of classification or shelving scheme Damaged status Not for loan Collection code Home library Current library Shelving location Date acquired Source of acquisition Total Checkouts Full call number Barcode Date last seen Price effective from Koha item type Cost, normal purchase price Copy number Cost, replacement price
    Dewey Decimal Classification     General Biblioteca Karol Wojtyla Biblioteca Karol Wojtyla Sala general 03/12/2013 Compra   266.2 G5318 2023 45686 05/01/2026 03/12/2013 Libro      
    Dewey Decimal Classification     General Biblioteca Karol Wojtyla Biblioteca Karol Wojtyla Sala general 11/03/2026 2   266.2 G5318 2023 106325 23/03/2026 11/03/2026 Libro 682.62 Ej.2 682.62